Východonemecké hospodárstvo 10 rokov po zjednotení Nemecka
Pokroková transformácia bývalého východného Nemecka. Proces obnovy po roku 1990. Pohľad na zamestnanosť a mzdy v nových spolkových krajinách. Transformačné aktivity štátu. Nemecko plánuje predĺžiť Pakt solidarity v prospech východnej oblasti do roku 2004.
Gespeichert in:
| 1. Verfasser: | |
|---|---|
| Format: | Buchkapitel |
| Sprache: | Slowakisch |
| Schlagworte: | |
| Tags: |
Keine Tags, Fügen Sie das erste Tag hinzu!
|
MARC
| LEADER | 00000naa a2200000 4500 | ||
|---|---|---|---|
| 001 | r039895 | ||
| 005 | 20230824110005.1 | ||
| 041 | 0 | |a slo | |
| 044 | |a SK | ||
| 245 | 1 | 0 | |a Východonemecké hospodárstvo 10 rokov po zjednotení Nemecka |c Miroslav Piršel |
| 520 | |a Pokroková transformácia bývalého východného Nemecka. Proces obnovy po roku 1990. Pohľad na zamestnanosť a mzdy v nových spolkových krajinách. Transformačné aktivity štátu. Nemecko plánuje predĺžiť Pakt solidarity v prospech východnej oblasti do roku 2004. | ||
| 610 | 2 | 0 | |a transformácia |
| 610 | 2 | 0 | |a Nemecko |
| 610 | 2 | 0 | |a východné Nemecko |
| 610 | 2 | 0 | |a západné Nemecko |
| 610 | 2 | 0 | |a hospodárstvo trhové |
| 610 | 2 | 0 | |a podnikanie súkromné |
| 610 | 2 | 0 | |a reformy štruktúrne |
| 610 | 2 | 0 | |a zamestnanosť |
| 610 | 2 | 0 | |a mzdy |
| 610 | 2 | 0 | |a pomoc hospodárska |
| 100 | 1 | |a Piršel, Miroslav | |